Ottoman Egypt and the emergence of the modern world : (Record no. 63038)
[ view plain ]
| 000 -الفاتح | |
|---|---|
| حقل البيانات ثابتة الطول | 00877cam a2200265 i 4500 |
| 005 - وقت وتاريخ اخر تعامل مع التسجيلة | |
| رقم الضبط | 20240530110620.0 |
| 008 - عناصر البيانات ثابتة الطول - معلومات عامة | |
| حقل البيانات ثابتة الطول | 141230s2014 ua b 001 0 eng c |
| 020 ## - الرقم الدولى المعيارى للكتب | |
| الرقم الدولى المعيارى للكتاب | 9789774166648 |
| 040 ## - مصدر الفهرسة | |
| وكالة النسخ | EG-CaGPL |
| 082 00 - رقم تصنيف ديوى العشرى | |
| رقم التصنيف | 962.03 |
| رقم الطبعة | 21 |
| رقم المادة | CC/ H O |
| 100 1# - المدخل الرئيسى - إسم شخصى | |
| الإسم الشخصى | Hanna, Nelly, |
| الدور | author. |
| 245 10 - بيان العنوان | |
| العنوان | Ottoman Egypt and the emergence of the modern world : |
| بقية العنوان | 1500-1800 / |
| بيان المسئوليه,etc | Nelly Hanna. |
| 300 ## - الوصف المادى | |
| التعداد | vii, 185 pages ; |
| أبعاد الوعاء | 24 cm |
| 504 ## - تبصرة ببليوجرافية | |
| تبصرة ببليوجرافية,الخ | Includes bibliographical references (pages 157-177) and index. |
| 651 #0 - المدخل الاضافى بالموضوع - اسم جغرافى | |
| الاسم الجغرافي | Egypt |
| التقسيم الفرعي العام | History |
| التقسيم الفرعي الزمني | 1517-1882. |
| 651 #0 - المدخل الاضافى بالموضوع - اسم جغرافى | |
| الاسم الجغرافي | Turkey |
| التقسيم الفرعي العام | History |
| التقسيم الفرعي الزمني | Ottoman Empire, 1288-1918. |
| 651 #0 - المدخل الاضافى بالموضوع - اسم جغرافى | |
| الاسم الجغرافي | Islamic Empire |
| التقسيم الفرعي العام | History. |
| 942 ## - عناصر المدخل الإضافي( كوها) | |
| مصدر التصنيف او مخطط الترفيف | Dewey Decimal Classification |
| Koha [default] item type | كتاب |
| 264 #1 - | |
| -- | Cairo : |
| -- | The American University In Cairo Press, |
| -- | 2014. |
| 336 ## - | |
| -- | text |
| -- | txt |
| -- | rdacontent |
| 337 ## - | |
| -- | unmediated |
| -- | n |
| -- | rdamedia |
| 338 ## - | |
| -- | volume |
| -- | nc |
| -- | rdacarrier |
| حالة التراجع | حالة الفقد | مصدر التصنيف او خطة الترفيف | حالة تلف | ليس للاعارة | المكان المؤقت | الموقع الحالى | موقع الترفيف | تاريخ الاكتساب | اجمالي اﻻعارات | رقم الطلب | الباركود | تاريخ اخر مشاهدة | تاريخ تفعيل السعر | نوع وعاء كوها |
|---|---|---|---|---|---|---|---|---|---|---|---|---|---|---|
| ddc | مكتبة القاهرة الكبرى | مكتبة القاهرة الكبرى | 12/18/2016 | 962.03 CC/ H O | 162985 | 12/18/2016 | 12/18/2016 | كتاب |

